Vista normal
Vista MARC
Entrada Materia (personas)
Número de registros utilizados en: 1
001 - CONTROL NUMBER
- control field: 61192
003 - CONTROL NUMBER IDENTIFIER
- control field: Co-BoUCM
005 - DATE AND TIME OF LATEST TRANSACTION
- control field: 20140516115752.0
008 - FIXED-LENGTH DATA ELEMENTS
- fixed length control field: 140516|| aca||aabn | a|a d
040 ## - CATALOGING SOURCE
- Original cataloging agency: Co-BoUCM
- Transcribing agency: Co-BoUCM
100 ## - HEADING--PERSONAL NAME
- Personal name: Kuhlmann, Frédéric
670 ## - SOURCE DATA FOUND
- Source citation: Work cat.: (Co-BoUCM)70691: Kuhlmann, Frédéric, Silicatisation ou application des silicates alcalins solubles au durcissement des pierres poreuses, des ciments et des plâtrages, à la peinture, à l'impression, aux apprêts, etc ..., 1858